| 000 | 00759nam a2200241 a 4500 | ||
|---|---|---|---|
| 008 | |||
| 020 | _a0862781469 (pbk.) | ||
| 049 | _aMAIN | ||
| 090 | _aHD6664 | ||
| 100 | 1 | _aMcNamara, Gerry. | |
| 245 | 1 | 0 |
_aUnderstanding trade unions : _byesterday and today / _cGerry McNamara, Kevin Williams, Des West ; Cartoons by Martyn Turner. |
| 260 |
_aDublin : _bO'Brien Educational, _c1988. |
||
| 300 |
_a152 p. : _bill., ports. ; _c25 cm. |
||
| 650 | 0 |
_aLabor unions _zIreland. |
|
| 700 | 1 | _aWilliams, Kevin. | |
| 700 | 1 | _aWest, Des. | |
| 710 | 2 | _aIrish Congress of Trade Unions. | |
| 907 |
_a.b10147901 _b13-12-05 _c24-01-05 |
||
| 003 | |||
| 005 | 20230123133910.0 | ||
| 040 | _cNUST | ||
| 942 |
_cBOOKS _kHD6664 |
||
| 999 |
_c156543 _d156543 |
||